000 00506nam a2200181Ia 4500
005 20251020182610.0
008 200515s9999 xx 000 0 und d
082 _aSC/624.046/A49
110 _aAmérica Society for Testing and Materials
245 0 _aConstruction : Building Seals and Sealants Fire Standards Building Constructions Dimension Stones
260 _aPhiladelphia
260 _c1995
300 _a1818
650 _aASTM
650 _aCONSTRUCCION
650 _aNORMAS
942 _cLIB
999 _c3314
_d3314